États des États-Unis - Statistiques

Statistiques générales
  • Ce quiz a été pris 123 fois
  • Le résultat moyen est 33 sur 50
Réponses sur la Carte
Les réponses sont colorées sur une échelle allant du rouge au vert en fonction du pourcentage des utilisateurs qui les ont devinées à leur premier essai. Vous pouvez retrouver ces pourcentages ci-dessous.
 
Statistiques - réponses
État % Correct
Texas
86%
Alaska
85%
Floride
84%
New York
84%
Californie
81%
Ohio
78%
Washington
78%
Alabama
76%
Caroline du Nord
76%
Arkansas
75%
Caroline du Sud
74%
Dakota du Nord
74%
Maine
74%
Arizona
73%
Hawaï
73%
Utah
72%
Dakota du Sud
70%
Mississippi
70%
Michigan
69%
Nevada
69%
Nouveau-Mexique
69%
Virginie
68%
Géorgie
67%
Louisiane
67%
Idaho
66%
Kansas
65%
Colorado
64%
New Jersey
64%
Vermont
64%
Minnesota
63%
Wisconsin
63%
Oregon
61%
Illinois
60%
Nebraska
60%
New Hampshire
60%
Pennsylvanie 
60%
Wyoming
60%
Indiana
59%
Iowa
58%
Massachusetts
57%
Oklahoma
56%
Kentucky
55%
Maryland
55%
Tennessee
55%
Virginie-Occidentale
55%
Delaware
53%
Missouri
52%
Montana
52%
Rhode Island
51%
Connecticut
50%
Aucun quiz correspondant
Distribution des résultats
% des personnes avec chaque résultat
Percentile par nombre de réponses
Votre historique - résultats
Vous n’avez pas pris ce quiz